| 000 | 00769nam a2200217 i 4500 | ||
|---|---|---|---|
| 001 | 73965 | ||
| 003 | ES-MaACL | ||
| 005 | 20230906171955.0 | ||
| 007 | t| | ||
| 008 | 040914s1973 sp ||||1| eng d | ||
| 080 | _a821.134.2-31"15" | ||
| 100 | 1 |
_aGonzález, Gregorio. _958318 |
|
| 245 | 1 | 3 |
_aEl guitón Honofre (1604) / _cGregorio Gonçalez ; edited with introduction and notes by Hazel Genéreux Carrasco. |
| 260 |
_aMadrid : _bCastalia, _c[1973] |
||
| 300 |
_a259 p. ; _c24 cm. |
||
| 490 | 1 |
_aEstudios de Hispanófila / University of North Carolina ; _v25 |
|
| 700 | 1 |
_aCarrasco, Hazel Genéreux. _935528 |
|
| 830 | 0 |
_aEstudios de Hispanófila / University of North Carolina ; _v25 _9183426 |
|
| 852 |
_aES-MaACL _jE-8124 _bR.92699 |
||
| 999 |
_c73965 _d73965 |
||